• 首页
  • 本馆介绍
  • 公告通知
  • 最新文献
  • 馆藏检索
  • 电子资源
  • 读者导购
  • 参考咨询
  • 我的图书馆
  • 登录
  • 详细信息显示
  • 放入我的书架
  • 预约/预借图书
  • 作者相关作品
  • 分类相关作品
  • 丛书相关作品
  • 出版社相关作品

书目信息

  • 表格格式
  • 工作单格式
  • 卡片格式
题名:
姑苏名园
    
 
作者: 陈健行 摄影
分册:  
出版信息: 北京   中国旅游出版社  2006
页数: 108页
开本: 30cm
丛书名:
单 册:
中图分类: K928.73-64
科图分类:
主题词: 古典园林--苏州市--摄影集 , 古典园林
电子资源:
ISBN: 7-5032-2956-X
000 00843nam0 2200265 450
001 003293385
005 20091208152833.84
010    @a7-5032-2956-X@b精装@dCNY150.00
100    @a20060518d2006 em y0chiy0110 ea
101 0  @achi@aeng
102    @aCN@b110000
105    @aa z 000yy
106    @ar
200 1  @a姑苏名园@9gu su ming yuan@dCelebrated gardens of SuZhou@e[中英文本]@f陈健行摄影@zeng
210    @a北京@c中国旅游出版社@d2006
215    @a108页@c图@d30cm
300    @a世界文化遗产 中国古典园林
330    @a本书收录的都是苏州最富盛名的古典园林的摄影图片。
510 1  @aCelebrated gardens of SuZhou@zeng
606 0  @a古典园林@y苏州市@j摄影集
606 0  @a古典园林
690    @aK928.73-64@v4
701  0 @a陈健行@9chen jian xing@f(1942~)@4摄影
801  0 @aCN@bNLC@c20091208
905    @b20796370-71@dK928.73-64@e528@f2
    
    姑苏名园=Celebrated gardens of SuZhou:[中英文本]/陈健行摄影.-北京:中国旅游出版社,2006
    108页:图;30cm
    世界文化遗产 中国古典园林
    
    ISBN 7-5032-2956-X(精装):CNY150.00
    本书收录的都是苏州最富盛名的古典园林的摄影图片。
●
相关链接 在E读中查询图书 在五车中查询图书 在当当中查询图书 在豆瓣中查询图书


正题名:姑苏名园     索取号:K928.73-64/528         预约/预借

序号 登录号 条形码 馆藏地/架位号 状态 备注
1 796370   207963701   第二样本阅览室/ [索取号:K928.73-64/528] 在馆    
2 796371   207963710   密集书库-资源管理系/ [索取号:K928.73-64/528] 在馆    
唐山师范学院图书馆 欢迎您!
大连网信软件有限公司© 版权所有